000 00374nam a2200145Ia 4500
008 230917s9999||||xx |||||||||||||| ||und||
040 _e224
_aMAIN
041 _aEnglish
082 _a668.4236 L552V
100 _aLeonard, Edward C. ed.
245 0 _aVinyl and diene monomers
260 _aNew York
_bWiley-Interscience
_c1974
300 _axi, 1250-1703 p.
942 _cBK
999 _c195835
_d195835